00484 2200193 4500245004700000020002200047250001100069700001900080700001000099650002100109650001000130005001900140260004400159041001400203084001000217300002000227490003400247336000900281 aKisah Raja Kura-KuracSastri SunartihText a978-623-00-3035-2 aCet. 1 aSastri Sunarti aIrene aCerita Bergambar aEbook a20241104083414 aJakartabPT elex media Komputindoc2021 aIndonesia a741.5 a50 hlm :bpdf ; aSeri Antologi Fabel Nusantara atext